| 000 | 00982 a2200217 4500 | ||
|---|---|---|---|
| 999 |
_c5136 _d5136 |
||
| 020 | _a007136188X (pbk.) | ||
| 050 | 0 | 0 | _aQA76.9MAT 2000 |
| 100 | 1 |
_aMata-Toledo, Ramon A. _eauthor |
|
| 245 | 1 | 0 |
_aSchaum's outline of fundamentals of relational databases / _cRamon A. Mata-Toledo, Pauline K. Cushman. |
| 264 |
_aNew York: _bSchaum's outline series., _c2000 |
||
| 300 |
_avi, 249 p. : _bill. ; |
||
| 500 | _aIncludes index. | ||
| 650 | 0 | _aRelational databases. | |
| 650 | 0 | _aDatabase design. | |
| 700 | 1 | _aCushman, Pauline K. | |
| 856 | 4 | 2 |
_3Contributor biographical information _uhttp://www.loc.gov/catdir/bios/mh041/00052542.html |
| 856 | 4 | 2 |
_3Publisher description _uhttp://www.loc.gov/catdir/description/mh021/00052542.html |
| 856 | 4 | 1 |
_3Table of contents _uhttp://www.loc.gov/catdir/toc/mh021/00052542.html |
| 942 |
_2lcc _cBK _h76.9 _iMAT _kQA |
||